| 000 | 00384nam a22001577a 4500 | ||
|---|---|---|---|
| 003 | OSt | ||
| 020 | _a9789380027579 | ||
| 040 | _c0 | ||
| 082 |
_222 _a0 |
||
| 082 | _a658.5 | ||
| 100 | _aDahiya, Er, R.S. | ||
| 245 | _a Sub- station enginesring, design, concepts and computer applications / | ||
| 260 |
_bNew Delhi, _cc 2010. |
||
| 300 |
_a270 p, ; _bNA _c 24 cm. |
||
| 942 |
_2ddc _cCIVIL |
||
| 999 |
_c4865 _d4865 |
||